| 000 | 00407nam a2200169Ia 4500 | ||
|---|---|---|---|
| 005 | 20250603145932.0 | ||
| 008 | 250603s9999 xx 000 0 und d | ||
| 020 | _a9781032363844 | ||
| 050 | _aRA 644 .C67 .S65/ | ||
| 100 | _aEdited by Aji Prasetya Wibawa. | ||
| 245 | 4 | _aThe spirit of recovery | |
| 260 | _aBoca Raton | ||
| 260 | _bCRC Press | ||
| 260 | _c2024 | ||
| 650 | _aBoca Raton | ||
| 942 | _cBK | ||
| 999 |
_c43292 _d43292 |
||